00538cam a22001457a 4500008004000000082002300040100001500063245010700078260002200185300001000207650004300217700001900260999001900279952009400298180718b1989 xxu||||| |||| 00| 0 eng d aB135x5412 Se55 CRS aSen, Sukla aEvolution of rural settlements in West Bengal, 1850-1985: a case studycby Sukla Sen and Jyotirmoy Sen aDelhibDayac1989 a168p. aSociology, Rural - India - West Bengal aSen, Jyotirmoy c354091d354091 00104070aIIPAbIIPAd1993-12-07oB135x5412 Se55 CRSp64538r2018-07-21w2018-07-21yBK